| 000 | 01519nam a2200301 a 4500 | ||
|---|---|---|---|
| 001 | 000030759 | ||
| 003 | OSt | ||
| 005 | 20240528191003.0 | ||
| 007 | ta | ||
| 008 | 100205s2014 dr 000 0 spa d | ||
| 040 |
_aDO-SdBNP _bspa _cBNPHU |
||
| 082 | 4 |
_a317.293 _bR426e, 2013 _222 |
|
| 110 | 2 |
_aOficina Nacional de Estadística (República Dominicana) _934693 |
|
| 245 | 1 | 0 |
_aEncuesta nacional de hogares de propósitos múltiples (ENHOGAR) : _binforme general 2013 / _cpresentación Pablo Tactuk. |
| 260 |
_aSanto Domingo : _bONE, _bBID _c2014. |
||
| 300 |
_a259 p. ; _c28 cm. |
||
| 500 | _aIncluye índice de cuadros | ||
| 505 | 0 |
_aIntroducción -- _tAspectos metodológicos -- _tCaraterísticas estructurales de la vivienda -- _tCaracterísticas de los hogares -- _tCareterísticas básica de la población -- _tFuerza de trabajo, principales indicadores -- _tLa discapacidad de la República Dominicana -- _tAcceso a las tecnologías de información y comunicación (TIC)-- _tAnexos -- _tÍndice de cuadros -- |
|
| 590 | _aInventariado, 2021/MFF | ||
| 650 | 4 |
_aEncuestas de hogares _zRepública Dominicana _957326 _y2013 _vEstadísticas |
|
| 650 | 4 |
_aSeguridad social _zRepública Dominicana _y2013 _957327 _vEstadísticas |
|
| 650 | 4 |
_aMortalidad _zRepública Dominicana _957328 _y2013 _vEstadísticas |
|
| 651 | 4 |
_aRepública Dominicana _xPoblación _y2013 _vEstadísticas _977696 |
|
| 700 | 2 |
_aTactuk, Pablo _95774 |
|
| 710 | 2 |
_aBanco Interamericano de Desarrollo _99655 |
|
| 910 | _aValidado, 2021/MFF | ||
| 942 |
_2ddc _cLBS1 |
||
| 999 |
_c30251 _d30251 |
||